Culture et traditions Marocaines 1 - Statistiques

Statistiques générales
  • Ce quiz a été pris 60 fois
  • Le résultat moyen est 7 sur 15
Statistiques - réponses
Question Réponse % Correct
Quelle est l'expression utilisée pour dire Vive le Maroc ? Dima Maghrib
76%
Quelle gâteau peut-on retrouver traditionnellement sur une table de ftor pendant ramadan ? Chebbakia
72%
Quel arbre est connu pour ses fruits précieux et les chèvres qui y grimpent pour les manger ? L'arganier
67%
Quel est le nom de l'artiste à l'origine de la célèbre chanson Inas Inas ? Mohamed Rouicha
57%
Quelle station balnéaire atlantique est-elle célèbre pour son ambiance décontractée, ses vagues et son skatepark ? Taghazout
57%
Quelle ville complète le dicton "ça ira" Essaouira
52%
Quel est le nom de cette manifestation traditionnelle qui consiste à simuler un assaut militaire équestre où les cavaliers effectuent un tir en synchronicité? Fantasia
41%
Laquelle de ces propositions n'est pas un quartier de Casablanca Iberia
39%
Comment dit-on "Merci" en Amazigh? Tenmirt
35%
Quelle est le nom de l'alphabet utilisé pour le tamazight? Tifinagh
35%
Quel athlète n'est pas marocain.e? Oussama Mellouli
33%
Quel est le nom du célèbre instrument à corde pincées utilisé lors des rituels Gnaouas ? Le Guembri
30%
Pour quelle activité les gorges de Todgha sont elles principalement touristiques ? L'escalade
26%
Dans quelle ville a lieu le Festival des Musiques Sacrées du Monde ? Fès
19%
Quel groupe de musique amazigh n'est pas du Maroc ? Tikoubaouine
11%
Aucun quiz correspondant
Distribution des résultats
% des personnes avec chaque résultat
Percentile par nombre de réponses
Votre historique - résultats
Vous n’avez pas pris ce quiz